[Event "Paraguay Gran Prix U2300 08"]
[Site "Paraguay"]
[Date "2013.08.21"]
[Round "5.8"]
[White "Brie, Juan Carlos"]
[Black "Chanduvi, Fidel"]
[Result "0-1"]
[WhiteElo "1744"]
[BlackElo "1970"]
[PlyCount "84"]
[EventDate "2013.08.07"]
[EventType "swiss"]
[EventRounds "9"]
[EventCountry "ARG"]
[SourceTitle "EXT 2024"]
[Source "ChessBase"]
[SourceDate "2023.10.10"]
[SourceVersion "1"]
[SourceVersionDate "2023.10.10"]
[SourceQuality "1"]

1. e4 e6 2. d4 d5 3. Nd2 Nf6 4. e5 Nfd7 5. Bd3 c5 6. c3 Nc6 7. Ne2 Qb6 8. Nf3 cxd4 9. cxd4 Bb4+ 10. Bd2 Be7 11. 0-0 Nf8 12. Bc3 Bd7 13. Ng3 h5 14. Re1 g5 15. Nxg5 Bxg5 16. Nxh5 0-0-0 17. Qg4 Be7 18. Nf6 Bxf6 19. exf6 Ng6 20. Rad1 e5 21. Bf5 e4 22. Bxd7+ Rxd7 23. g3 Qd8 24. Qf5 Kb8 25. b4 a6 26. a4 Rd6 27. b5 Rxf6 28. Qg4 axb5 29. axb5 Na7 30. Ra1 Nc8 31. Bb4 Nh4 32. Re3 Nf3+ 33. Rxf3 Rxf3 34. Qg7 Rh5 35. Qg4 Rhf5 36. Ra2 Qc7 37. b6 Qc1+ 38. Kg2 e3 39. Qg8 Rxf2+ 40. Kh3 Qf1+ 41. Kg4 Qd1+ 42. Kh4 Rh5# 0-1

[Event "Buenos Aires Bolivar op 4th"]
[Site "Buenos Aires"]
[Date "2011.06.20"]
[Round "6"]
[White "Maldonado, Oscar Lorenzo"]
[Black "Brie, Juan Carlos"]
[Result "0-1"]
[WhiteElo "1706"]
[BlackElo "1826"]
[PlyCount "58"]
[EventDate "2011.06.13"]
[EventType "swiss"]
[EventRounds "9"]
[EventCountry "ARG"]
[SourceTitle "EXT 2014"]
[Source "ChessBase"]
[SourceDate "2013.11.20"]
[SourceVersion "1"]
[SourceVersionDate "2013.11.20"]
[SourceQuality "1"]

1. d4 d6 2. Nf3 Nd7 3. Bf4 g6 4. e3 Bg7 5. Bd3 Ngf6 6. Nbd2 c5 7. c3 0-0 8. Qe2 a6 9. h4 Re8 10. Ng5 b5 11. g4 Bb7 12. Rh2 e5 13. Bg3 h6 14. Nge4 cxd4 15. Nxd6 Qb6 16. Nxe8 Rxe8 17. 0-0-0 e4 18. Bb1 d3 19. Qf1 Qa5 20. Nb3 Qa4 21. Bd6 Rc8 22. f3 b4 23. Kd2 bxc3+ 24. bxc3 Qc6 25. Bb4 Nd5 26. Nd4 Bxd4 27. exd4 e3+ 28. Kxd3 Qc4+ 29. Ke4 Re8+ 0-1

[Event "Buenos Aires Bolivar op 4th"]
[Site "Buenos Aires"]
[Date "2011.06.13"]
[Round "1"]
[White "Quenallata, Luciano"]
[Black "Brie, Juan Carlos"]
[Result "1-0"]
[WhiteElo "2210"]
[BlackElo "1826"]
[PlyCount "61"]
[EventDate "2011.06.13"]
[EventType "swiss"]
[EventRounds "9"]
[EventCountry "ARG"]
[SourceTitle "EXT 2014"]
[Source "ChessBase"]
[SourceDate "2013.11.20"]
[SourceVersion "1"]
[SourceVersionDate "2013.11.20"]
[SourceQuality "1"]

1. e4 e5 2. Nf3 Nc6 3. Bc4 Nf6 4. 0-0 Bc5 5. c3 0-0 6. d4 Bd6 7. Re1 h6 8. Nh4 Re8 9. Nf5 Bf8 10. f4 d6 11. fxe5 dxe5 12. Qb3 Be6 13. d5 Na5 14. dxe6 Nxb3 15. exf7+ Kh7 16. fxe8Q Qxe8 17. axb3 g6 18. Ng3 Bc5+ 19. Be3 Qc6 20. h3 Nxe4 21. Kh2 Nxg3 22. Bxc5 Qxc5 23. Kxg3 Rf8 24. Na3 e4 25. Kh2 b5 26. Nxb5 Qe5+ 27. Kh1 e3 28. Rxa7 Qg3 29. Rxc7+ Kh8 30. Rd1 Re8 31. Rdd7 1-0